000 00628nam a2200193Ia 4500
008 160114s9999 xx 000 0 und d
020 _a9716300549
050 _aFic
050 _b.B638c 1996
100 _aBlanco, Marivi Soliven
245 4 _aThe case of the crime-catching camcorder /
_cby Marivi Soliven Blanco ; pictures by Remus San Diego.
260 _aManila :
_bTahanan Books for Young Readers.
_c1996
300 _a76 pages;
_billustrations ;
_c20 cm.
650 _aCamcorders --
650 _aCamcorders --
650 _aMystery and detective stories.
650 _xFiction.
650 _xJuvenile fiction.
999 _c290354
_d290354